Tussen son en aarde / (Record no. 798899)

MARC details
000 -LEADER
fixed length control field 00641nam a22002057b 4500
003 - CONTROL NUMBER IDENTIFIER
control field 3228
005 - DATE AND TIME OF LATEST TRANSACTION
control field 20260527170823.0
008 - FIXED-LENGTH DATA ELEMENTS--GENERAL INFORMATION
fixed length control field 260512b sa ||||e |||| 00| 1 AFR d
020 ## - INTERNATIONAL STANDARD BOOK NUMBER
International Standard Book Number 0799314617 (hardback)
040 ## - CATALOGING SOURCE
Original cataloging agency MPL
Language of cataloging eng
Transcribing agency 3228
Description conventions Resource Description and Access
041 ## - LANGUAGE CODE
Language code of text/sound track or separate title Afrikaans
082 #0 - DEWEY DECIMAL CLASSIFICATION NUMBER
Classification number AF VANZ
100 ## - MAIN ENTRY--PERSONAL NAME
9 (RLIN) 123342
Personal name Van Zijl, Anneke
Relator term author
245 ## - TITLE STATEMENT
Title Tussen son en aarde /
Statement of responsibility, etc. van Zijl, Anneke
250 ## - EDITION STATEMENT
Edition statement First print
260 ## - PUBLICATION, DISTRIBUTION, ETC.
Place of publication, distribution, etc. Pretoria
Name of publisher, distributor, etc. J.P van der Walt
Date of publication, distribution, etc. © 1989
300 ## - PHYSICAL DESCRIPTION
Extent 152 pages :
Other physical details jacket ;
Dimensions 21 cm .
700 ## - ADDED ENTRY--PERSONAL NAME
9 (RLIN) 199456
Personal name Jonker, Bea
Relator term Dust cover designer
942 ## - ADDED ENTRY ELEMENTS
Source of classification or shelving scheme Dewey Decimal Classification
item type Books
-- 245
-- Izakina Blanche
-- 245
-- Izakina Blanche
Holdings
Withdrawn status Lost status Source of classification or shelving scheme Damaged status Not for loan Collection code Home library Current library Shelving location Date acquired Total Checkouts Full call number Barcode Date last seen Price effective from item type Public note
    Dewey Decimal Classification     Fiction Middelburg Regional Library Jeremiah Madonsela Public Library Fiction 12.05.2026   AF VANZ 33228018066694 12.05.2026 12.05.2026 Books 61655858